[Event "47th Capablanca Memorial Premier"]
[Site "Havana CUB"]
[Date "2012.05.04"]
[Round "1.1"]
[White "Rakhmanov, Aleksandr"]
[Black "Almeida Quintana, Omar"]
[Result "0-1"]
[WhiteTitle "GM"]
[BlackTitle "GM"]
[WhiteElo "2603"]
[BlackElo "2525"]
[WhiteFideId "4173708"]
[BlackFideId "3503313"]
[EventDate "2012.05.04"]

1. c4 e5 2. Nc3 Nc6 3. Nf3 g6 4. d4 exd4 5. Nd5 Bg7 6. Bg5 Nce7 7. Nxd4 c6 8.
Nc3 h6 9. Bf4 d5 10. e3 Nf6 11. Be2 O-O 12. O-O dxc4 13. Bxc4 Ned5 14. Nxd5 Nxd5
15. Bg3 Nb6 16. Be2 h5 17. h3 Qe7 18. Re1 Rd8 19. Qb3 c5 20. Nb5 Be6 21. Qa3 Nd5
22. Rac1 a6 23. Nd6 Rxd6 24. Bxd6 Qxd6 25. Red1 Qe5 26. Qxc5 Rc8 27. Qa3 Rxc1
28. Rxc1 Bf8 29. Qb3 Bd6 0-1

[Event "47th Capablanca Memorial Premier"]
[Site "Havana CUB"]
[Date "2012.05.04"]
[Round "1.2"]
[White "Cordova, Emilio"]
[Black "Gonzalez Vidal, Yuri"]
[Result "1/2-1/2"]
[WhiteTitle "GM"]
[BlackTitle "GM"]
[WhiteElo "2566"]
[BlackElo "2545"]
[WhiteFideId "3801497"]
[BlackFideId "3503321"]
[EventDate "2012.05.04"]

1. Nf3 c5 2. a3 Nc6 3. c4 Nf6 4. Nc3 d5 5. cxd5 Nxd5 6. g3 g6 7. Bg2 Bg7 8. O-O
O-O 9. Nxd5 Qxd5 10. d3 Qd7 11. Re1 b6 12. Qa4 Bb7 13. Rb1 Rfd8 14. Qh4 Nd4 15.
Nxd4 Bxg2 16. Kxg2 Bf6 17. Bg5 Bxg5 18. Qxg5 cxd4 19. Rec1 Rac8 20. h4 f6 21.
Qf4 1/2-1/2

[Event "47th Capablanca Memorial Premier"]
[Site "Havana CUB"]
[Date "2012.05.04"]
[Round "1.3"]
[White "Papin, Vasily"]
[Black "Hernandez Carmenates, Holden"]
[Result "1/2-1/2"]
[WhiteTitle "GM"]
[BlackTitle "GM"]
[WhiteElo "2570"]
[BlackElo "2570"]
[WhiteFideId "4143183"]
[BlackFideId "3504387"]
[EventDate "2012.05.04"]

1. Nf3 c5 2. c4 Nf6 3. g3 b6 4. Bg2 Bb7 5. O-O e6 6. Nc3 Be7 7. d4 cxd4 8. Qxd4
d6 9. Bg5 a6 10. Bxf6 Bxf6 11. Qf4 O-O 12. Rfd1 Be7 13. Ne4 Bxe4 14. Qxe4 Ra7
15. Nd4 Bf6 16. e3 Bxd4 17. Qxd4 Rb7 18. Rd3 e5 19. Qc3 f5 20. Bd5+ Kh8 21. Qb4
a5 22. Qb5 Re7 23. Bg2 Qc7 24. Rad1 Rf6 25. a3 Nd7 26. b4 e4 27. Rd5 axb4 28.
axb4 g6 29. Bf1 Kg7 30. Be2 Re5 31. Ra1 Rxd5 32. Qxd5 Ne5 33. h4 h5 34. Ra6 Rf8
35. Kg2 Rb8 36. Qe6 Rf8 37. Qd5 Rb8 38. Qd4 Kh7 39. Qa1 Rb7 40. Ra8 Rb8 41. Ra7
Rb7 42. Ra8 Rb8 43. Ra2 Rb7 44. Ra8 1/2-1/2

[Event "47th Capablanca Memorial Premier"]
[Site "Havana CUB"]
[Date "2012.05.04"]
[Round "1.4"]
[White "Morovic Fernandez, Ivan"]
[Black "Bacallao Alonso, Yusnel"]
[Result "1/2-1/2"]
[WhiteTitle "GM"]
[BlackTitle "IM"]
[WhiteElo "2577"]
[BlackElo "2580"]
[WhiteFideId "3405400"]
[BlackFideId "3507416"]
[EventDate "2012.05.04"]

1. d4 Nf6 2. c4 g6 3. g3 c6 4. Bg2 d5 5. cxd5 cxd5 6. Nf3 Bg7 7. Nc3 Nc6 8. Ne5
e6 9. O-O Nd7 10. Nxc6 bxc6 11. Be3 O-O 12. Qd2 Re8 13. Rac1 Qa5 14. b3 Ba6 15.
Rfd1 Bf8 16. Na4 Qxd2 17. Rxd2 Rec8 18. Rdc2 Ba3 19. Rd1 Bb5 20. Nc3 a5 21. Bf4
a4 22. e4 axb3 23. axb3 Ba6 24. Na4 Bb5 25. Nc3 Ba6 26. Na4 Bb5 1/2-1/2

[Event "47th Capablanca Memorial Premier"]
[Site "Havana CUB"]
[Date "2012.05.04"]
[Round "1.5"]
[White "Ortiz Suarez, Isan Reynaldo"]
[Black "Alvarez Pedraza, Aramis"]
[Result "1-0"]
[WhiteTitle "GM"]
[BlackTitle "GM"]
[WhiteElo "2572"]
[BlackElo "2551"]
[WhiteFideId "3507165"]
[BlackFideId "3507408"]
[EventDate "2012.05.04"]

1. e4 e6 2. d4 d5 3. Nd2 h6 4. Ngf3 Nf6 5. Bd3 c5 6. exd5 Qxd5 7. O-O Nc6 8.
dxc5 Bxc5 9. a3 Ne5 10. Nxe5 Qxe5 11. Nf3 Qc7 12. b4 Bd6 13. Bb2 b6 14. Qe2 Bb7
15. Rfd1 Bxf3 16. Qxf3 Ke7 17. g3 a5 18. Bb5 Rhd8 19. bxa5 bxa5 20. Rxd6 Qxd6
21. a4 Rac8 22. Ba3 Rc5 23. Qb7+ Kf8 24. Qa7 Rdc8 25. Qxa5 Kg8 26. Qe1 Qd5 27.
Bxc5 Qxc5 28. c4 Ne8 29. a5 Nd6 30. a6 Rc7 31. Qe3 Qxe3 32. fxe3 Nc8 33. Rd1 Kf8
34. e4 Ke7 35. e5 f6 36. exf6+ Kxf6 37. Kf2 Ke5 38. Rd8 Nd6 39. Ke3 h5 40. Kd3
Ne4 41. Ra8 Nd6 42. Rh8 g6 43. Rg8 Kf6 44. Bc6 Ke5 45. c5 Nf5 46. Bb7 Rd7+ 47.
Kc3 Nd4 48. Kc4 Nc2 49. Kb5 Rd1 50. a7 Rb1+ 51. Kc6 Nd4+ 52. Kc7 Nb5+ 53. Kb8 1-0

[Event "47th Capablanca Memorial Premier"]
[Site "Havana CUB"]
[Date "2012.05.05"]
[Round "2.1"]
[White "Almeida Quintana, Omar"]
[Black "Alvarez Pedraza, Aramis"]
[Result "1/2-1/2"]
[WhiteTitle "GM"]
[BlackTitle "GM"]
[WhiteElo "2525"]
[BlackElo "2551"]
[WhiteFideId "3503313"]
[BlackFideId "3507408"]
[EventDate "2012.05.04"]

1. d4 d5 2. Nf3 Nf6 3. c4 c6 4. cxd5 cxd5 5. Nc3 Nc6 6. Bf4 Bf5 7. e3 e6 8. Bd3
Bxd3 9. Qxd3 Bd6 10. Bxd6 Qxd6 11. O-O O-O 12. a4 Rac8 1/2-1/2

[Event "47th Capablanca Memorial Premier"]
[Site "Havana CUB"]
[Date "2012.05.05"]
[Round "2.2"]
[White "Bacallao Alonso, Yusnel"]
[Black "Ortiz Suarez, Isan Reynaldo"]
[Result "1-0"]
[WhiteTitle "IM"]
[BlackTitle "GM"]
[WhiteElo "2580"]
[BlackElo "2572"]
[WhiteFideId "3507416"]
[BlackFideId "3507165"]
[EventDate "2012.05.04"]

1. Nf3 c5 2. c4 Nc6 3. d4 cxd4 4. Nxd4 Nf6 5. Nc3 e6 6. e3 Be7 7. Be2 O-O 8. O-O
d5 9. cxd5 exd5 10. b3 Qa5 11. Bb2 Nxd4 12. Qxd4 Be6 13. a3 Qc5 14. Nb5 Qxd4 15.
Nxd4 Rfc8 16. Rac1 a6 17. Bd3 g6 18. b4 Rxc1 19. Rxc1 Rc8 20. Rxc8+ Bxc8 21. f3
Kf8 22. Kf2 Ke8 23. Nb3 Kd8 24. g4 h5 25. g5 Ne8 26. h4 Nd6 27. Nd4 Bd7 28. e4
dxe4 29. fxe4 Nb5 30. Nf3 Be6 31. Bxb5 axb5 32. Bf6 Kd7 33. Bxe7 Kxe7 34. Ke3
Kd6 35. Kd4 b6 36. Ne5 Ke7 37. Nf3 Bg4 38. Ne5 Be6 39. Ke3 Kd6 40. Nd3 Bc4 41.
Ne1 Ke6 42. Kd4 f6 43. gxf6 Kxf6 44. Nf3 Bb3 45. Ng5 Ba2 46. Ke3 Bc4 47. Nf3 Bf1
48. Kf4 Be2 49. Ne5 g5+ 50. hxg5+ Kg7 51. Nc6 Kf7 52. Nd4 Bd3 53. Kf5 Kg8 54.
Nf3 Kg7 55. Nh4 1-0

[Event "47th Capablanca Memorial Premier"]
[Site "Havana CUB"]
[Date "2012.05.05"]
[Round "2.5"]
[White "Rakhmanov, Aleksandr"]
[Black "Cordova, Emilio"]
[Result "1-0"]
[WhiteTitle "GM"]
[BlackTitle "GM"]
[WhiteElo "2603"]
[BlackElo "2566"]
[WhiteFideId "4173708"]
[BlackFideId "3801497"]
[EventDate "2012.05.04"]

1. e4 c5 2. Nf3 Nc6 3. d3 g6 4. g3 Bg7 5. Bg2 Nf6 6. O-O O-O 7. c3 d5 8. e5 Ne8
9. d4 Bg4 10. h3 Bxf3 11. Bxf3 e6 12. Na3 Nc7 13. Be2 Rb8 14. h4 b5 15. h5 Re8
16. Nc2 b4 17. Kg2 bxc3 18. bxc3 Nb5 19. Bxb5 Rxb5 20. Rh1 Qa5 21. Qd3 cxd4 22.
cxd4 Rc8 23. hxg6 hxg6 24. Bh6 Ne7 25. Bxg7 Kxg7 26. Qf3 Nf5 27. Ne3 Rb2 28. g4
Rg8 29. gxf5 gxf5 30. Rh3 Kf8+ 31. Rg3 Rg6 32. Rxg6 fxg6 33. Qf4 1-0

[Event "47th Capablanca Memorial Premier"]
[Site "Havana CUB"]
[Date "2012.05.06"]
[Round "3.1"]
[White "Cordova, Emilio"]
[Black "Almeida Quintana, Omar"]
[Result "1-0"]
[WhiteTitle "GM"]
[BlackTitle "GM"]
[WhiteElo "2566"]
[BlackElo "2525"]
[WhiteFideId "3801497"]
[BlackFideId "3503313"]
[EventDate "2012.05.04"]

1. d4 g6 2. Nf3 Bg7 3. Bf4 d6 4. e3 Nd7 5. Be2 e5 6. Bg3 Ne7 7. h3 O-O 8. O-O
Nf5 9. Bh2 exd4 10. exd4 b6 11. c3 Bb7 12. Nbd2 Re8 13. Bd3 Nh4 14. Nxh4 Qxh4
15. Bg3 Qd8 16. Qa4 a6 17. Rae1 b5 18. Rxe8+ Qxe8 19. Qa5 Qd8 20. a4 Bh6 21. Nf3
Nb6 22. axb5 axb5 23. Qb4 Ra4 24. Qb3 Bd5 25. Qd1 Ra2 26. b3 Rb2 27. Bxb5 Bxb3
28. Qa1 Ra2 29. Qb1 Ra3 30. Re1 Be6 31. c4 Bg7 32. d5 Bd7 33. Bh4 Qc8 34. Qb4
Ra8 35. Bg5 Rb8 36. Bxd7 Nxd7 37. Qd2 Nc5 38. Re7 Bf8 39. Re1 Bg7 40. Qe3 h5 41.
Nd4 Qd7 42. Nc6 Rf8 43. Bh4 Kh7 44. Qe7 Qc8 45. Bf6 Qf5 46. Bxg7 Kxg7 47. Qxc7
Nd3 48. Rf1 Qf6 49. Qa7 Re8 50. Qa1 Qxa1 51. Rxa1 Re2 52. Nd8 Nxf2 53. Rf1 Ne4
54. Rxf7+ Kh6 55. h4 Ng3 56. Rd7 Rc2 57. Nf7+ Kg7 58. Nxd6+ Kf6 59. Kh2 Nf1+ 60.
Kg1 Ng3 61. Rf7+ Ke5 62. Kh2 Ne2 63. Nb7 Rxc4 64. Re7+ Kxd5 65. Rxe2 Rxh4+ 66.
Kg3 Rb4 67. Nd8 g5 68. Re5+ Kxe5 69. Nc6+ Ke4 70. Nxb4 Kf5 71. Nc2 h4+ 72. Kh3
Kf4 73. Nd4 Ke4 74. Ne6 Kf5 75. Nc5 Kf4 76. Nd3+ Ke3 77. Kg4 Kxd3 78. Kxg5 Kd4
79. Kxh4 Ke5 80. Kh5 Kf6 1-0

[Event "47th Capablanca Memorial Premier"]
[Site "Havana CUB"]
[Date "2012.05.06"]
[Round "3.2"]
[White "Papin, Vasily"]
[Black "Rakhmanov, Aleksandr"]
[Result "1/2-1/2"]
[WhiteTitle "GM"]
[BlackTitle "GM"]
[WhiteElo "2570"]
[BlackElo "2603"]
[WhiteFideId "4143183"]
[BlackFideId "4173708"]
[EventDate "2012.05.04"]

1. d4 e6 2. e4 d5 3. Nc3 Nf6 4. e5 Nfd7 5. f4 c5 6. Nf3 Nc6 7. Be3 cxd4 8. Nxd4
Bc5 9. Qd2 O-O 10. O-O-O Bxd4 11. Bxd4 Qa5 12. h4 Rb8 13. Rh3 b5 14. f5 Nxd4 15.
f6 b4 16. Qg5 Nf5 17. Bd3 h6 18. Bxf5 hxg5 19. hxg5 bxc3 20. Rdh1 cxb2+ 21. Kb1
Qxa2+ 22. Kxa2 b1=Q+ 23. Rxb1 Rxb1 24. Bh7+ Kh8 25. Bf5+ Kg8 26. Bh7+ Kh8 27.
Bf5+ 1/2-1/2

[Event "47th Capablanca Memorial Premier"]
[Site "Havana CUB"]
[Date "2012.05.06"]
[Round "3.3"]
[White "Morovic Fernandez, Ivan"]
[Black "Gonzalez Vidal, Yuri"]
[Result "1/2-1/2"]
[WhiteTitle "GM"]
[BlackTitle "GM"]
[WhiteElo "2577"]
[BlackElo "2545"]
[WhiteFideId "3405400"]
[BlackFideId "3503321"]
[EventDate "2012.05.04"]

1. Nf3 c5 2. g3 Nc6 3. Bg2 g6 4. O-O Bg7 5. c3 d5 6. d3 e5 7. a3 a5 8. a4 Nge7
9. Na3 O-O 10. e4 d4 11. Qe2 h6 12. Nd2 Be6 13. Ndc4 Nc8 14. Bd2 Nb6 15. Nxb6
Qxb6 16. Nb5 Na7 17. c4 Bd7 18. f4 f6 19. f5 g5 20. h4 Nxb5 21. axb5 Qd8 22. Bf3
Be8 23. Kg2 b6 24. Rh1 Rc8 25. Rh2 Kf7 26. Rah1 Rg8 27. hxg5 hxg5 28. Rh7 Ke7
29. Bh5 Kd6 30. Bxe8 Qxe8 31. Qh5 Qxh5 32. R1xh5 Rh8 33. Kf3 Rxh7 34. Rxh7 Rg8
35. Kg4 Ke7 36. Kh5 Kf7 37. g4 Rf8 38. Bc1 1/2-1/2

[Event "47th Capablanca Memorial Premier"]
[Site "Havana CUB"]
[Date "2012.05.06"]
[Round "3.4"]
[White "Ortiz Suarez, Isan Reynaldo"]
[Black "Hernandez Carmenates, Holden"]
[Result "1/2-1/2"]
[WhiteTitle "GM"]
[BlackTitle "GM"]
[WhiteElo "2572"]
[BlackElo "2570"]
[WhiteFideId "3507165"]
[BlackFideId "3504387"]
[EventDate "2012.05.04"]

1. e4 Nf6 2. e5 Nd5 3. d4 d6 4. Nf3 g6 5. c4 Nb6 6. exd6 cxd6 7. h3 Bg7 8. Be2
O-O 9. O-O Nc6 10. Nc3 Bf5 11. b3 e5 12. Bg5 Bf6 13. Be3 e4 14. Nh2 Bg7 15. Qd2
d5 16. c5 Nc8 17. b4 Nxb4 18. Nxe4 Nc6 19. Ng3 Be6 20. Rab1 b6 21. Rfc1 bxc5 22.
Rxc5 N6e7 23. Bh6 Nd6 24. Bxg7 Kxg7 25. Qf4 Nef5 26. Ng4 Re8 27. Bf3 Nxg3 28.
Qe5+ f6 29. Qxg3 Rb8 30. Rbc1 Nf5 31. Rc7+ Re7 32. Rxe7+ Nxe7 33. Rc7 Rb1+ 34.
Kh2 h5 35. Nxf6 Kxf6 36. Qf4+ Kg7 37. Rxa7 Re1 38. a4 Bf7 39. a5 Nf5 40. a6 Re6
41. Rxf7+ Kxf7 42. a7 Re8 43. g4 hxg4 44. hxg4 Qh4+ 45. Kg2 Re1 46. Qc7+ Kf6 47.
Qe5+ Rxe5 48. dxe5+ Kxe5 49. a8=Q Ne7 50. Qb8+ Ke6 1/2-1/2

[Event "47th Capablanca Memorial Premier"]
[Site "Havana CUB"]
[Date "2012.05.06"]
[Round "3.5"]
[White "Alvarez Pedraza, Aramis"]
[Black "Bacallao Alonso, Yusnel"]
[Result "1/2-1/2"]
[WhiteTitle "GM"]
[BlackTitle "IM"]
[WhiteElo "2551"]
[BlackElo "2580"]
[WhiteFideId "3507408"]
[BlackFideId "3507416"]
[EventDate "2012.05.04"]

1. d4 Nf6 2. Nf3 g6 3. Nbd2 Bg7 4. e4 c5 5. e5 Ng4 6. h3 Nh6 7. dxc5 Qa5 8. c3
Qxc5 9. Ne4 Qc7 10. Bf4 f5 11. Neg5 Nc6 12. Qe2 b6 13. Qe3 O-O 14. O-O-O e6 15.
Nxe6 dxe6 16. Bxh6 Bxh6 17. Qxh6 Nxe5 18. Nxe5 Qxe5 19. h4 Qg7 20. Qd2 Bb7 21.
h5 Rac8 22. hxg6 hxg6 23. Kb1 Be4+ 24. Ka1 Rc5 25. Qd6 Bd5 26. Rh3 Qf6 27. Qf4
b5 28. Be2 Rfc8 29. Rdh1 b4 30. Rh8+ Qxh8 31. Rxh8+ Kxh8 32. Qh6+ Kg8 33. Qxg6+
Kf8 34. Qf6+ Kg8 35. Qg6+ Kf8 36. Qf6+ Kg8 37. Qg6+ Kf8 1/2-1/2

[Event "47th Capablanca Memorial Premier"]
[Site "Havana CUB"]
[Date "2012.05.07"]
[Round "4.1"]
[White "Almeida Quintana, Omar"]
[Black "Bacallao Alonso, Yusnel"]
[Result "1/2-1/2"]
[WhiteTitle "GM"]
[BlackTitle "IM"]
[WhiteElo "2525"]
[BlackElo "2580"]
[WhiteFideId "3503313"]
[BlackFideId "3507416"]
[EventDate "2012.05.04"]

1. d4 Nf6 2. c4 g6 3. Nc3 d5 4. Bg5 Ne4 5. Bh4 Nxc3 6. bxc3 dxc4 7. e3 Be6 8.
Nf3 c6 9. Be2 Bh6 10. O-O Nd7 11. a4 Qa5 12. Qc2 f6 13. Rfb1 Nb6 14. Rb4 O-O 15.
Nd2 Rad8 16. Qb2 Bf7 17. Nxc4 Nxc4 18. Bxc4 Bxc4 19. Rxc4 Qd5 20. Rb4 b6 21. a5
b5 22. a6 Qe4 23. Bg3 f5 24. Re1 Qe6 25. Qb3 Rd5 26. Qb1 Qf7 27. Be5 Bg7 28.
Bxg7 Kxg7 29. c4 bxc4 30. Rb7 Rb5 31. Rxb5 cxb5 32. Qxb5 f4 33. f3 Qe6 34. d5
Qe5 35. Qxc4 Rb8 36. Qxf4 Qc3 37. Qd4+ Qxd4 38. exd4 Kf7 39. Rc1 Rd8 40. Rc7
Rxd5 41. Rxa7 Rxd4 42. Rb7 Rd2 43. h4 h5 44. Kh2 Kf6 45. Kg3 Ra2 46. a7 e5 47.
Kh2 Kf5 48. Kg1 e4 49. fxe4+ Kxe4 50. Rf7 Ke5 51. Kf1 Ke6 52. Rc7 Kf5 53. Rg7
Kf6 54. Rc7 Kf5 1/2-1/2

[Event "47th Capablanca Memorial Premier"]
[Site "Havana CUB"]
[Date "2012.05.07"]
[Round "4.3"]
[White "Gonzalez Vidal, Yuri"]
[Black "Ortiz Suarez, Isan Reynaldo"]
[Result "1-0"]
[WhiteTitle "GM"]
[BlackTitle "GM"]
[WhiteElo "2545"]
[BlackElo "2572"]
[WhiteFideId "3503321"]
[BlackFideId "3507165"]
[EventDate "2012.05.04"]

1. c4 e5 2. g3 Nf6 3. Bg2 d5 4. cxd5 Nxd5 5. Nc3 Nb6 6. Nf3 Nc6 7. O-O Be7 8. a3
O-O 9. b4 Be6 10. d3 f6 11. Bb2 a5 12. b5 Nd4 13. Nd2 Qd7 14. Bxb7 Rab8 15. Bh1
Nxb5 16. a4 Nd4 17. Ba3 Bxa3 18. Rxa3 Rfd8 19. Ra1 Qf7 20. Rb1 Qe8 21. e3 Nf5
22. Nde4 Bd7 23. Qc2 Ne7 24. Nb5 Ned5 25. Nxc7 Rdc8 26. Nd6 Rxc7 27. Bxd5+ Nxd5
28. Nxe8 Rxc2 29. Rxb8 Kf7 30. Nd6+ Kg6 31. Nc4 Bh3 32. Re1 Nb4 33. Rd8 Nxd3 34.
Rxd3 Rxc4 35. Ra1 Rc5 36. e4 Be6 37. Kg2 Rc4 38. Rd6 Bf7 39. Ra6 Rc5 40. Ra7 Be8
41. Ra2 Kh6 42. f3 g6 43. h4 f5 44. Re7 Bc6 45. exf5 e4 46. fxe4 gxf5 47. Rd2
Bxe4+ 48. Kh3 Rc6 49. Red7 Bc2 50. R2d6+ Rxd6 51. Rxd6+ Kg7 52. Rd4 Kf6 53. Kg2
Bb3 54. Kf3 Ke5 55. Rd7 Bxa4 56. Rxh7 Bd1+ 57. Ke3 a4 58. Ra7 Bc2 59. Ra5+ 1-0

[Event "47th Capablanca Memorial Premier"]
[Site "Havana CUB"]
[Date "2012.05.07"]
[Round "4.5"]
[White "Cordova, Emilio"]
[Black "Papin, Vasily"]
[Result "1-0"]
[WhiteTitle "GM"]
[BlackTitle "GM"]
[WhiteElo "2566"]
[BlackElo "2570"]
[WhiteFideId "3801497"]
[BlackFideId "4143183"]
[EventDate "2012.05.04"]

1. d4 d5 2. Nf3 Nf6 3. c4 e6 4. e3 b6 5. Bd3 Be7 6. O-O O-O 7. b3 Bb7 8. Bb2
Nbd7 9. Qe2 c5 10. Rd1 Rc8 11. Nc3 Qc7 12. cxd5 Nxd5 13. Nxd5 Bxd5 14. Rac1 Qb8
15. e4 Bb7 16. Bb5 Rcd8 17. Bxd7 Rxd7 18. Ne5 Rc7 19. dxc5 Bg5 20. Rc3 Qc8 21.
Rg3 f6 22. Nc4 Ba6 23. cxb6 Bxc4 24. bxc4 axb6 25. Qh5 Rxc4 26. h4 Bf4 27. Rxg7+
Kxg7 28. Qg4+ Kh8 29. Qxf4 e5 30. Qh6 Kg8 31. Rd6 Rc2 32. Ba3 Rc3 33. Rd7 1-0

[Event "47th Capablanca Memorial Premier"]
[Site "Havana CUB"]
[Date "2012.05.08"]
[Round "5.1"]
[White "Papin, Vasily"]
[Black "Almeida Quintana, Omar"]
[Result "1-0"]
[WhiteTitle "GM"]
[BlackTitle "GM"]
[WhiteElo "2570"]
[BlackElo "2525"]
[WhiteFideId "4143183"]
[BlackFideId "3503313"]
[EventDate "2012.05.04"]

1. Nf3 g6 2. d4 Bg7 3. c4 d6 4. g3 Nf6 5. Bg2 O-O 6. Nc3 c6 7. O-O Qb6 8. b3 Bg4
9. Bb2 a5 10. h3 Bxf3 11. Na4 Qc7 12. Bxf3 Na6 13. Qd2 e5 14. e3 Rfe8 15. Bg2
exd4 16. Qxd4 Rad8 17. Rad1 Nh5 18. Qd2 Bxb2 19. Qxb2 Ng7 20. Rd2 Ne6 21. Nc3
Nec5 22. g4 Re5 23. Rfd1 h5 24. gxh5 Rxh5 25. a3 f5 26. Ne2 Qe7 27. Ng3 Rh4 28.
b4 axb4 29. axb4 Ne4 30. Nxe4 fxe4 31. Rd4 Nc7 32. Qb1 d5 33. cxd5 cxd5 34. b5
Rf8 35. Qa2 b6 36. Rc1 Rf7 37. Ra4 Rh5 38. Ra7 Qe5 39. Rc6 Rhf5 40. Rxb6 Qc3 41.
Rb8+ Kg7 42. Qa1 Qxa1+ 43. Rxa1 Rxf2 44. b6 Ne6 45. b7 Rb2 46. Re8 Rfxb7 47.
Rxe6 Re2 48. Rd1 Rbb2 49. Bf1 Rxe3 50. Rxd5 Rg3+ 51. Kh1 Rf2 52. Rd1 e3 53. Re1
Kh6 54. Re5 Kg7 55. Re4 Kf6 56. Rh4 Kg7 57. Be2 Rgg2 58. Bf3 Rg3 59. Bd5 g5 60.
Rg4 Rxh3+ 61. Kg1 Kf6 62. Bg2 Rh8 63. Rxe3 Rf4 64. Rgg3 Rd8 65. Re1 Rfd4 66.
Rf3+ Rf4 67. Rfe3 Rd6 68. Kh2 Kg6 69. Kg3 Kf6 70. Rh1 Rh4 71. Rf1+ Rf4 72. Rxf4+
gxf4+ 73. Kxf4 Rd4+ 74. Be4 Rd1 75. Ra3 Rf1+ 76. Bf3 Kg7 77. Ke5 Re1+ 78. Be4
Kh8 79. Rg3 Rg1 80. Bg2 Ra1 81. Bh3 Ra7 82. Kf6 Rg7 83. Re3 Rg1 84. Bf5 Rg3 85.
Re4 1-0

[Event "47th Capablanca Memorial Premier"]
[Site "Havana CUB"]
[Date "2012.05.08"]
[Round "5.2"]
[White "Morovic Fernandez, Ivan"]
[Black "Cordova, Emilio"]
[Result "1/2-1/2"]
[WhiteTitle "GM"]
[BlackTitle "GM"]
[WhiteElo "2577"]
[BlackElo "2566"]
[WhiteFideId "3405400"]
[BlackFideId "3801497"]
[EventDate "2012.05.04"]

1. d4 Nf6 2. c4 g6 3. g3 Bg7 4. Bg2 d5 5. cxd5 Nxd5 6. e4 Nb6 7. Ne2 c5 8. d5 e6
9. O-O O-O 10. Nec3 Na6 11. a4 Nb4 12. Be3 Bd4 13. Bxd4 cxd4 14. Nb5 a5 15. Nxd4
exd5 16. exd5 N6xd5 17. Nc3 Nf6 18. Ndb5 Bg4 19. Qd6 Rb8 20. h3 Be6 21. Rad1 Nd7
22. Qd4 Nf6 23. Qe5 Nd7 1/2-1/2

[Event "47th Capablanca Memorial Premier"]
[Site "Havana CUB"]
[Date "2012.05.08"]
[Round "5.4"]
[White "Alvarez Pedraza, Aramis"]
[Black "Gonzalez Vidal, Yuri"]
[Result "1/2-1/2"]
[WhiteTitle "GM"]
[BlackTitle "GM"]
[WhiteElo "2551"]
[BlackElo "2545"]
[WhiteFideId "3507408"]
[BlackFideId "3503321"]
[EventDate "2012.05.04"]

1. c4 c5 2. Nf3 Nc6 3. Nc3 e5 4. e3 Nf6 5. d4 cxd4 6. exd4 e4 7. Ng5 Bb4 8. d5
Bxc3+ 9. bxc3 Ne5 10. Qd4 d6 11. Nxe4 Nxe4 12. Qxe4 O-O 13. Be2 Re8 14. O-O b6
15. Qd4 Ba6 16. Bf4 Rc8 17. Bxe5 dxe5 18. Qe4 g6 19. Rfd1 f5 20. Qc2 Bxc4 21.
Bxc4 Rxc4 22. Qb3 Rc5 23. d6+ Kg7 24. Rd5 Rxd5 25. Qxd5 Qd7 26. Rd1 Kf6 27. h4
Rc8 28. f4 e4 29. a4 Re8 30. Qd4+ Kf7 31. Qc4+ Kf6 32. Kf2 e3+ 33. Ke2 Qe6 34.
Rd5 Rd8 35. Qd4+ Kf7 36. a5 Qf6 37. Qc4 Qxh4 38. Kxe3 Qe1+ 39. Kf3 Qe6 40. axb6
axb6 41. d7 b5 42. Qd4 Qe7 43. Qd2 Kg8 44. Rd4 Kf7 45. Qd3 Qe1 46. Rd5 b4 47. c4
h5 48. Qe2 Qxe2+ 49. Kxe2 Ke6 50. Kd3 h4 51. Kc2 Rxd7 52. Rxd7 Kxd7 53. Kb3 g5
54. fxg5 f4 55. g6 Ke7 56. c5 f3 57. gxf3 h3 58. g7 Kf7 59. g8=Q+ Kxg8 60. c6 h2
61. c7 h1=Q 62. c8=Q+ Kg7 63. Qg4+ Kf6 64. Qf4+ Ke6 65. Kxb4 Qe1+ 66. Kb3 Qe5
67. Qh6+ Qf6 68. Qh5 Qf5 69. Qe8+ Kf6 70. Qd8+ Ke5 71. Qc7+ Kf6 72. Qg3 Qd3+ 73.
Kb4 Qd4+ 1/2-1/2

[Event "47th Capablanca Memorial Premier"]
[Site "Havana CUB"]
[Date "2012.05.08"]
[Round "5.5"]
[White "Bacallao Alonso, Yusnel"]
[Black "Hernandez Carmenates, Holden"]
[Result "1/2-1/2"]
[WhiteTitle "IM"]
[BlackTitle "GM"]
[WhiteElo "2580"]
[BlackElo "2570"]
[WhiteFideId "3507416"]
[BlackFideId "3504387"]
[EventDate "2012.05.04"]

1. e4 Nf6 2. e5 Nd5 3. d4 d6 4. Nf3 Bg4 5. Be2 e6 6. O-O Be7 7. h3 Bh5 8. c4 Nb6
9. exd6 cxd6 10. Nc3 O-O 11. b3 Nc6 12. Be3 d5 13. c5 Nc8 14. a3 Bxf3 15. Bxf3
Bf6 16. Rc1 N8e7 17. g4 Bh4 18. Bg2 g5 19. f4 gxf4 20. Bxf4 Ng6 21. Be3 Bg5 22.
Qd2 h6 23. Ne2 Bxe3+ 24. Qxe3 Qg5 25. Rc3 Qxe3+ 26. Rxe3 a5 27. Rd1 b6 28. cxb6
Rfb8 29. Nc3 Rxb6 30. Na4 Rb7 31. Nc5 Rc7 32. Rc3 Nb8 33. Rdc1 Nd7 34. Bf1 Nxc5
35. Rxc5 Rb7 36. Bb5 Raa7 37. a4 h5 38. Kf2 Kg7 39. Kg3 Kh6 40. Rc8 h4+ 41. Kf3
Ne7 42. Rh8+ Kg7 43. Rd8 Ng8 44. Kf4 Rc7 45. Rc8 Rxc1 46. Rxc1 Nf6 47. Rc2 Ne4
48. Bd3 Ng3 49. Rc5 Rb7 50. Bc2 Ne2+ 51. Ke3 Ng1 52. Rxa5 Nxh3 53. Rb5 Ra7 54.
Rc5 Ng5 55. Kf4 Kf6 56. Rc8 h3 57. b4 Kg7 58. Kg3 h2 59. Kxh2 Nf3+ 60. Kg3 Nxd4
61. Bd1 Kf6 62. b5 Rb7 63. Kf4 e5+ 64. Ke3 Nxb5 65. axb5 Rxb5 66. Rg8 Rc5 67.
Kd2 1/2-1/2

[Event "47th Capablanca Memorial Premier"]
[Site "Havana CUB"]
[Date "2012.05.10"]
[Round "6.1"]
[White "Almeida Quintana, Omar"]
[Black "Hernandez Carmenates, Holden"]
[Result "1/2-1/2"]
[WhiteTitle "GM"]
[BlackTitle "GM"]
[WhiteElo "2525"]
[BlackElo "2570"]
[WhiteFideId "3503313"]
[BlackFideId "3504387"]
[EventDate "2012.05.04"]

1. d4 Nf6 2. c4 e6 3. Nc3 Bb4 4. Qc2 O-O 5. e4 d6 6. a3 Bxc3+ 7. bxc3 e5 8. Bd3
Nc6 9. Ne2 Na5 10. O-O b6 11. f4 Nd7 12. Ng3 f6 13. Nf5 Rf7 14. Be3 Nf8 15. Rf3
Ng6 16. fxe5 dxe5 17. h4 c5 18. h5 exd4 19. cxd4 Ne7 20. d5 Nxf5 21. exf5 h6 22.
Rg3 Kh7 23. Qe2 Bd7 24. Qg4 Qf8 25. Bf4 Re8 26. Kh2 Nb3 27. Rf1 Nd4 28. Qg6+ Kh8
29. Bd6 Qg8 30. Rf4 Rd8 31. Re3 Be8 32. Rxd4 cxd4 33. Re6 Rxd6 34. Rxd6 Rd7 35.
Qg3 Qf7 36. Be2 d3 37. Rxd7 Bxd7 38. Qxd3 Qe7 39. g4 Qe5+ 40. Kg2 Kg8 41. Bf3
Qd6 42. Qe3 1/2-1/2